| 000 | 00665nam a2200205 a 4500 | ||
|---|---|---|---|
| 005 | 20220602143559.0 | ||
| 008 | 081108s2000 mx r 000 0 spa d | ||
| 020 | _a9681604792 | ||
| 035 | _aUPN01000165823 | ||
| 049 | _aUNE | ||
| 080 | _a792 (100) "1992" MAC. | ||
| 100 | 1 | _aMacgowan, Kenneth | |
| 245 | 1 | 4 | _aLas Edades de oro del teatro/ por Kenneth Macgowan; William Melnitz; traducción de Carlos Villegas. |
| 260 | _aMéxico: Fondo de Cultura Económica, 1992. | ||
| 300 | _a347 p.; 17 cm. il. | ||
| 440 | 0 | _aColección popular del Fondo de Cultura Económica; 54 | |
| 690 |
_aTeatro _912795 |
||
| 700 | 1 | _aMelnitz, William, coaut | |
| 905 | _aUNESCO | ||
| 999 |
_c137935 _d137935 |
||